[Event "COL-chT (Women)"]
[Site "Risaralda"]
[Date "2023.11.21"]
[Round "5.1"]
[White "Argote Heredia, Valentina"]
[Black "Franco Valencia, Beatriz Irene"]
[Result "0-1"]
[WhiteElo "2200"]
[BlackElo "2045"]
[PlyCount "78"]
[EventDate "2023.11.19"]
[EventType "team-swiss"]
[EventRounds "7"]
[EventCountry "COL"]
[SourceTitle "CB49_2023"]
[SourceDate "2023.12.06"]
[SourceVersion "1"]
[SourceVersionDate "2023.12.06"]
[SourceQuality "1"]
[WhiteTeam "Valle (W)"]
[BlackTeam "Bolivar (W)"]
[WhiteTeamCountry "COL"]
[BlackTeamCountry "COL"]

1. e4 c6 2. d4 d5 3. Nc3 dxe4 4. Nxe4 Nd7 5. Ng5 Ngf6 6. Bc4 e6 7. Qe2 Nb6 8. Bd3 h6 9. N5f3 Qc7 10. Ne5 Bd6 11. Ngf3 c5 12. Be3 a6 13. 0-0 Nbd5 14. c4 cxd4 15. Bxd4 Nf4 16. Qc2 Nxd3 17. Nxd3 b6 18. Qc3 Bb7 19. Bxf6 gxf6 20. Qxf6 Rg8 21. Rfe1 Be7 22. Rxe6 fxe6 23. Qxe6 Rf8 24. Qg6+ Kd8 25. Re1 Bxf3 26. gxf3 Bf6 27. Qe4 Ra7 28. Nf4 Kc8 29. Nd5 Qg7+ 30. Kh1 Rb7 31. Rg1 Qd7 32. Rg6 Bd8 33. c5 bxc5 34. Rxa6 Re8 35. Qc4 Kb8 36. Qxc5 Re6 37. Ra3 Qb5 38. Qxb5 Rxb5 39. Nf4 Rf6 0-1

[Event "Bucaramanga op"]
[Site "Bucaramanga"]
[Date "2023.09.10"]
[Round "9"]
[White "Rivera, Alberto"]
[Black "Franco Valencia, Beatriz Irene"]
[Result "1-0"]
[WhiteElo "2297"]
[BlackElo "2097"]
[PlyCount "107"]
[EventDate "2023.09.06"]
[EventType "swiss"]
[EventRounds "9"]
[EventCountry "COL"]
[SourceTitle "EXT 2024"]
[Source "ChessBase"]
[SourceDate "2023.10.10"]
[SourceVersion "1"]
[SourceVersionDate "2023.10.10"]
[SourceQuality "1"]

1. d4 d6 2. Nf3 g6 3. c4 Bg7 4. Nc3 e5 5. g3 Nc6 6. d5 Nce7 7. Bg2 h6 8. e4 f5 9. 0-0 Nf6 10. exf5 Nxf5 11. Ne1 0-0 12. Nd3 Re8 13. Re1 Nd4 14. h3 g5 15. Be3 Nf5 16. Bd2 Nd4 17. g4 c5 18. Nc1 Bd7 19. N1e2 Nxg4 20. hxg4 Bxg4 21. Qb1 Nf3+ 22. Bxf3 Bxf3 23. Qf5 Rf8 24. Qe6+ Kh8 25. Ng3 Rf4 26. Nce4 Kh7 27. Re3 Qf8 28. Rae1 Rd8 29. Rb3 Bg4 30. Rxb7 Bxe6 31. dxe6 Re8 32. Bxf4 Re7 33. Rxe7 Qxe7 34. Be3 Qxe6 35. b3 d5 36. cxd5 Qxd5 37. Bxc5 Kg6 38. Re2 Qd1+ 39. Kh2 h5 40. Rd2 Qg4 41. Rd6+ Kh7 42. Be3 h4 43. Nxg5+ Kg8 44. N3e4 Kf8 45. Re6 Bh8 46. Bc5+ Kg7 47. Be3 h3 48. Ng3 Kf8 49. f3 Qb4 50. N3e4 Qe1 51. Bc5+ Kg7 52. Kxh3 Qe2 53. Ng3 Qb5 54. Nf5+ 1-0

[Event "Bucaramanga op"]
[Site "Bucaramanga"]
[Date "2023.09.06"]
[Round "2"]
[White "Franco Valencia, Beatriz Irene"]
[Black "Flom, Gabriel"]
[Result "0-1"]
[WhiteElo "2097"]
[BlackElo "2449"]
[PlyCount "100"]
[EventDate "2023.09.06"]
[EventType "swiss"]
[EventRounds "9"]
[EventCountry "COL"]
[SourceTitle "EXT 2024"]
[Source "ChessBase"]
[SourceDate "2023.10.10"]
[SourceVersion "1"]
[SourceVersionDate "2023.10.10"]
[SourceQuality "1"]

1. d4 Nf6 2. c4 c5 3. d5 g6 4. Nc3 Bg7 5. e4 d6 6. Bd3 0-0 7. f4 e6 8. Nf3 exd5 9. cxd5 Bg4 10. 0-0 Nbd7 11. Re1 Re8 12. h3 Bxf3 13. Qxf3 a6 14. a4 Qa5 15. Be3 Nb6 16. Qf2 Nfd7 17. e5 dxe5 18. Bd2 Nc8 19. f5 Qc7 20. Ne4 Nd6 21. fxg6 hxg6 22. Ng5 c4 23. Bb4 cxd3 24. Bxd6 Qb6 25. Rad1 Qxf2+ 26. Kxf2 Bh6 27. h4 Nf6 28. Rxd3 Rad8 29. Bc5 Rxd5 30. Rxd5 Nxd5 31. Rd1 Bxg5 32. hxg5 Nf4 33. Rd7 b5 34. axb5 axb5 35. Kf3 Nd3 36. Be7 Nxb2 37. Ke4 Na4 38. Rc7 Nb6 39. Bf6 Nc4 40. Rd7 Kf8 41. Rd1 Rc8 42. Rh1 Ke8 43. Bxe5 Nxe5 44. Kxe5 Ke7 45. Kd5 Rc2 46. Re1+ Kf8 47. g4 Rc4 48. Re5 Rxg4 49. Kd6 b4 50. Kd7 b3 0-1

[Event "American Continental (Women)"]
[Site "Cuenca"]
[Date "2022.12.07"]
[Round "4"]
[White "Franco Valencia, Beatriz Irene"]
[Black "Ruiz Villalba, Andrea"]
[Result "1-0"]
[WhiteElo "2146"]
[BlackElo "1805"]
[PlyCount "35"]
[EventDate "2022.12.05"]
[EventType "swiss"]
[EventRounds "9"]
[EventCountry "ECU"]
[SourceTitle "CBM 211 Extra"]
[Source "ChessBase"]
[SourceDate "2023.01.31"]
[SourceVersion "1"]
[SourceVersionDate "2023.01.31"]
[SourceQuality "1"]

1. d4 Nf6 2. c4 g6 3. g3 Bg7 4. Bg2 d5 5. cxd5 Nxd5 6. e4 Nb6 7. Ne2 0-0 8. Nbc3 Nc6 9. d5 Na5 10. 0-0 c6 11. Bf4 Re8 12. b3 cxd5 13. exd5 Bg4 14. Qd2 Bxe2 15. Nxe2 Nc8 16. Rac1 Nd6 17. Bxd6 exd6 18. b4 1-0

[Event "American Continental (Women)"]
[Site "Cuenca"]
[Date "2022.12.06"]
[Round "2"]
[White "Franco Valencia, Beatriz Irene"]
[Black "Cori Tello, Deysi Estella"]
[Result "1/2-1/2"]
[WhiteElo "2146"]
[BlackElo "2349"]
[PlyCount "73"]
[EventDate "2022.12.05"]
[EventType "swiss"]
[EventRounds "9"]
[EventCountry "ECU"]
[SourceTitle "CBM 211 Extra"]
[Source "ChessBase"]
[SourceDate "2023.01.31"]
[SourceVersion "1"]
[SourceVersionDate "2023.01.31"]
[SourceQuality "1"]

1. d4 Nf6 2. c4 e6 3. Nc3 Bb4 4. Qc2 0-0 5. a3 Bxc3+ 6. Qxc3 d5 7. Bg5 c5 8. cxd5 cxd4 9. Qxd4 Nc6 10. Qh4 Qxd5 11. Bxf6 gxf6 12. Nf3 Rd8 13. Qxf6 Qa5+ 14. Qc3 Qxc3+ 15. bxc3 b6 16. e3 Bb7 17. Rd1 Na5 18. Rxd8+ Rxd8 19. Be2 Rc8 20. Kd2 Be4 21. Rd1 Nb3+ 22. Ke1 Rxc3 23. Nd4 Bxg2 24. Nb5 Rc5 25. Rb1 Nc1 26. Nxa7 Rc2 27. Bf1 Be4 28. Rxb6 Ra2 29. Nb5 Ra1 30. Nc3 Na2+ 31. Nd1 Nc3 32. Be2 Bc2 33. Rd6 Kf8 34. Rd7 Bxd1 35. Bxd1 e5 36. Rd2 Ke7 37. e4 1/2-1/2

[Event "COL-chT Blitz (Women)"]
[Site "Santa Marta"]
[Date "2022.11.07"]
[Round "8.1"]
[White "Argote Heredia, Valentina"]
[Black "Franco Valencia, Beatriz Irene"]
[Result "1-0"]
[WhiteElo "2040"]
[BlackElo "2135"]
[PlyCount "67"]
[EventDate "2022.11.07"]
[EventType "team-swiss"]
[EventRounds "9"]
[EventCountry "COL"]
[SourceTitle "CBM 211 Extra"]
[Source "ChessBase"]
[SourceDate "2023.01.31"]
[SourceVersion "1"]
[SourceVersionDate "2023.01.31"]
[SourceQuality "1"]
[WhiteTeam "Valle (W)"]
[BlackTeam "Bolivar (W)"]
[WhiteTeamCountry "COL"]
[BlackTeamCountry "COL"]

1. e4 c6 2. d4 d5 3. Nc3 dxe4 4. Nxe4 Bf5 5. Ng3 Bg6 6. h4 h6 7. h5 Bh7 8. Nf3 Nd7 9. Bc4 e6 10. 0-0 Ngf6 11. Qe2 Be7 12. Bf4 0-0 13. Rad1 Re8 14. Bb3 Nd5 15. Bc1 Qc7 16. Ne5 Bf6 17. c4 N5b6 18. Bf4 Nxe5 19. dxe5 Be7 20. Ne4 Red8 21. Nd6 c5 22. Qg4 Kf8 23. Rd2 a5 24. Qf3 Bxd6 25. exd6 Qc6 26. Qc3 Kg8 27. Re1 a4 28. Bd1 Nd7 29. Re3 Nf8 30. Rg3 g6 31. Bxh6 e5 32. Qxe5 Ne6 33. hxg6 Bxg6 34. Rxg6+ 1-0

[Event "COL-chT Blitz (Women)"]
[Site "Santa Marta"]
[Date "2022.11.07"]
[Round "5.1"]
[White "Castrillon Gomez, Melissa"]
[Black "Franco Valencia, Beatriz Irene"]
[Result "1-0"]
[WhiteElo "2130"]
[BlackElo "2135"]
[PlyCount "73"]
[EventDate "2022.11.07"]
[EventType "team-swiss"]
[EventRounds "9"]
[EventCountry "COL"]
[SourceTitle "CBM 211 Extra"]
[Source "ChessBase"]
[SourceDate "2023.01.31"]
[SourceVersion "1"]
[SourceVersionDate "2023.01.31"]
[SourceQuality "1"]
[WhiteTeam "Antioquia (W)"]
[BlackTeam "Bolivar (W)"]
[WhiteTeamCountry "COL"]
[BlackTeamCountry "COL"]

1. d4 d6 2. e4 Nf6 3. Nc3 e5 4. Nf3 Nbd7 5. Bc4 Be7 6. 0-0 0-0 7. Bg5 c6 8. a4 h6 9. Bh4 Re8 10. dxe5 dxe5 11. Bg3 Bf8 12. h3 Qe7 13. Qe2 Nh5 14. Bh2 Nf4 15. Qd2 g5 16. Rfe1 Nb6 17. Bf1 Bg7 18. a5 Nd7 19. g3 Ng6 20. Bg2 Nc5 21. Rad1 Be6 22. b4 Na6 23. b5 Nc7 24. bxc6 bxc6 25. Qe3 Nb5 26. Nxb5 cxb5 27. Bf1 a6 28. g4 Rac8 29. c3 Nf4 30. Bxf4 gxf4 31. Qb6 Rxc3 32. Bg2 h5 33. gxh5 Rxf3 34. Bxf3 Bxh3 35. Kh2 Qh4 36. Rh1 Re6 37. Qd8+ 1-0

[Event "COL-chT (Women)"]
[Site "Santa Marta"]
[Date "2022.11.05"]
[Round "7.2"]
[White "Franco Valencia, Beatriz Irene"]
[Black "Rojas Castillo, Andrea Lizeth"]
[Result "1-0"]
[WhiteElo "2133"]
[BlackElo "1666"]
[PlyCount "55"]
[EventDate "2022.11.02"]
[EventType "team-swiss"]
[EventRounds "7"]
[EventCountry "COL"]
[SourceTitle "CBM 211 Extra"]
[Source "ChessBase"]
[SourceDate "2023.01.31"]
[SourceVersion "1"]
[SourceVersionDate "2023.01.31"]
[SourceQuality "1"]
[WhiteTeam "Bolivar (W)"]
[BlackTeam "Boyaca (W)"]
[WhiteTeamCountry "COL"]
[BlackTeamCountry "COL"]

1. d4 d5 2. Nf3 e6 3. e3 Nf6 4. Bd3 Be7 5. 0-0 0-0 6. Nbd2 c5 7. b3 Nc6 8. Bb2 b6 9. Ne5 Bb7 10. f4 Rc8 11. a3 a6 12. Rf3 Nxe5 13. fxe5 Ne4 14. Rh3 h6 15. Bxe4 dxe4 16. Qg4 Bg5 17. c4 cxd4 18. Bxd4 Qc7 19. Nxe4 Bxe4 20. Qxe4 Qc6 21. Qg4 b5 22. Rg3 g6 23. c5 a5 24. b4 axb4 25. axb4 Ra8 26. Rf1 Ra4 27. h4 Be7 28. e4 1-0

[Event "COL-chT Rapid (Women)"]
[Site "Santa Marta"]
[Date "2022.11.04"]
[Round "5.2"]
[White "Franco Valencia, Beatriz Irene"]
[Black "Hernandez Bermudez, Manuela"]
[Result "0-1"]
[WhiteElo "2066"]
[BlackElo "1781"]
[PlyCount "92"]
[EventDate "2022.11.02"]
[EventType "team-swiss"]
[EventRounds "7"]
[EventCountry "COL"]
[SourceTitle "CBM 211 Extra"]
[Source "ChessBase"]
[SourceDate "2023.01.31"]
[SourceVersion "1"]
[SourceVersionDate "2023.01.31"]
[SourceQuality "1"]
[WhiteTeam "Bolivar (W)"]
[BlackTeam "Risaralda (W)"]
[WhiteTeamCountry "COL"]
[BlackTeamCountry "COL"]

1. d4 Nf6 2. c4 g6 3. Nf3 Bg7 4. Nc3 d5 5. Qb3 dxc4 6. Qxc4 0-0 7. e4 Nc6 8. Be2 e5 9. d5 Nd4 10. Nxd4 exd4 11. Qxd4 c6 12. d6 Re8 13. Qd3 b5 14. a3 Be6 15. 0-0 Bc4 16. Qc2 Bxe2 17. Qxe2 Qxd6 18. Rd1 Qe6 19. f3 Rad8 20. Be3 a5 21. Rxd8 Rxd8 22. Bb6 Ra8 23. Qd3 Nd7 24. Bd4 Ne5 25. Bxe5 Qxe5 26. Rd1 Qc5+ 27. Kf1 b4 28. Na4 Qb5 29. Qxb5 cxb5 30. Nb6 Rb8 31. Nd7 Rd8 32. Rd2 bxa3 33. bxa3 Bc3 34. Rd3 b4 35. axb4 axb4 36. e5 Kg7 37. Ke2 Ra8 38. f4 Ra2+ 39. Kf3 b3 40. Nf6 b2 41. Ne8+ Kf8 42. Rd8 b1Q 43. Nf6+ Kg7 44. Rg8+ Kh6 45. Ng4+ Kh5 46. Nf6+ Kh4 0-1

[Event "COL-chT Rapid (Women)"]
[Site "Santa Marta"]
[Date "2022.11.03"]
[Round "3.2"]
[White "Franco Valencia, Beatriz Irene"]
[Black "Moncada Correa, Sara"]
[Result "1/2-1/2"]
[WhiteElo "2066"]
[BlackElo "1924"]
[PlyCount "91"]
[EventDate "2022.11.02"]
[EventType "team-swiss"]
[EventRounds "7"]
[EventCountry "COL"]
[SourceTitle "CBM 211 Extra"]
[Source "ChessBase"]
[SourceDate "2023.01.31"]
[SourceVersion "1"]
[SourceVersionDate "2023.01.31"]
[SourceQuality "1"]
[WhiteTeam "Bolivar (W)"]
[BlackTeam "Antioquia (W)"]
[WhiteTeamCountry "COL"]
[BlackTeamCountry "COL"]

1. d4 d5 2. c4 c6 3. Nc3 Nf6 4. Nf3 dxc4 5. a4 Bf5 6. e3 e6 7. Bxc4 Bb4 8. 0-0 Nbd7 9. Qb3 Qb6 10. h3 0-0 11. Nh4 Bg6 12. Nxg6 hxg6 13. Rd1 Rfe8 14. Na2 Bd6 15. Qc2 a5 16. Nc3 Bb4 17. e4 Qc7 18. Be3 Nb6 19. Bb3 Rac8 20. f3 Nbd7 21. Rac1 Qb8 22. Na2 Be7 23. Qd2 Qa8 24. Nc3 Bb4 25. Qf2 Qa6 26. Rc2 b6 27. Na2 Be7 28. Rdc1 Qb7 29. g4 c5 30. Nc3 cxd4 31. Bxd4 Nc5 32. Bc4 Red8 33. Kf1 Nfd7 34. Bb5 Nb8 35. Be3 Nc6 36. Rd1 Nb4 37. Rcd2 Qc7 38. Kg2 Rxd2 39. Rxd2 Rd8 40. Rxd8+ Qxd8 41. Qd2 Qxd2+ 42. Bxd2 Ncd3 43. b3 g5 44. Be3 Nc5 45. Bxc5 Bxc5 46. Bc4 1/2-1/2

[Event "COL-ch (Women)"]
[Site "Boyaca"]
[Date "2022.08.21"]
[Round "9"]
[White "Franco Valencia, Beatriz Irene"]
[Black "Rivera, Ingris"]
[Result "1/2-1/2"]
[WhiteElo "2103"]
[BlackElo "2249"]
[PlyCount "60"]
[EventDate "2022.08.17"]
[EventType "swiss"]
[EventRounds "9"]
[EventCountry "COL"]
[SourceTitle "CBM 210 Extra"]
[Source "ChessBase"]
[SourceDate "2022.11.30"]
[SourceVersion "1"]
[SourceVersionDate "2022.11.30"]
[SourceQuality "1"]

1. d4 Nf6 2. c4 g6 3. Nc3 Bg7 4. Nf3 0-0 5. g3 d5 6. cxd5 Nxd5 7. Bg2 Nxc3 8. bxc3 c5 9. 0-0 cxd4 10. cxd4 Nc6 11. e3 Be6 12. Qe2 Bg4 13. Rb1 Qd7 14. Bb2 e6 15. h3 Bxf3 16. Qxf3 Rab8 17. d5 exd5 18. Qxd5 Qxd5 19. Bxd5 Bxb2 20. Rxb2 Rfd8 21. Bxc6 bxc6 22. Rxb8 Rxb8 23. Rc1 Rb2 24. Rxc6 Rxa2 25. Kg2 h5 26. h4 Kg7 27. Rd6 a5 28. Ra6 a4 29. Kg1 a3 30. Kg2 Kg8 1/2-1/2

[Event "COL-ch (Women)"]
[Site "Boyaca"]
[Date "2022.08.20"]
[Round "7"]
[White "Franco Valencia, Beatriz Irene"]
[Black "Hernandez Fonseca, Maria Paula"]
[Result "1-0"]
[WhiteElo "2103"]
[BlackElo "2097"]
[PlyCount "232"]
[EventDate "2022.08.17"]
[EventType "swiss"]
[EventRounds "9"]
[EventCountry "COL"]
[SourceTitle "CBM 210 Extra"]
[Source "ChessBase"]
[SourceDate "2022.11.30"]
[SourceVersion "1"]
[SourceVersionDate "2022.11.30"]
[SourceQuality "1"]

1. d4 d5 2. c4 c6 3. Nf3 Nf6 4. Nc3 e6 5. e3 Nbd7 6. Qc2 Bd6 7. Bd3 0-0 8. 0-0 dxc4 9. Bxc4 e5 10. Rd1 exd4 11. exd4 Nb6 12. Be2 Nbd5 13. Ne5 Re8 14. f4 Nb4 15. Qd2 Bf5 16. a3 Nc2 17. Ra2 Nd5 18. Nxd5 cxd5 19. Bf3 Qb6 20. b4 Rac8 21. g4 Bxe5 22. fxe5 Bg6 23. Kg2 Qc6 24. h4 h6 25. Qf4 Qc4 26. Rb2 Nxa3 27. Be3 Qc3 28. Ra2 Nc4 29. Bf2 a6 30. Bxd5 Rcd8 31. Rc1 Qxb4 32. Bxc4 b5 33. Be2 f6 34. Qe3 fxe5 35. dxe5 Be4+ 36. Kh2 Rxe5 37. Bg3 Ree8 38. Qc3 Qxc3 39. Rxc3 Bd5 40. Rb2 Re6 41. Bf3 Bxf3 42. Rxf3 Rd4 43. Kh3 Ree4 44. Ra2 Rxg4 45. Rxa6 b4 46. Rb6 Rge4 47. Rb8+ Kh7 48. Rb7 Rc4 49. Rb3 Kg8 50. Rd3 Kh7 51. Bf2 Rf4 52. Bg3 Rfe4 53. Rf3 Red4 54. Rb8 Kg6 55. Rb7 Kh7 56. Rb5 Re4 57. Rb3 Red4 58. Be1 Rd1 59. R5xb4 Rc2 60. Re3 Rcc1 61. Rbe4 Rb1 62. Re7 Rd6 63. Rg3 Rg6 64. Rxg6 Kxg6 65. Bc3 Rh1+ 66. Kg3 Kh5 67. Bxg7 Rg1+ 68. Kh2 Rf1 69. Re4 Rf2+ 70. Kg3 Rf1 71. Bd4 Rd1 72. Re5+ Kg6 73. h5+ Kf6 74. Rd5+ Ke6 75. Rd8 Kf5 76. Bb6 Rb1 77. Bf2 Rb3+ 78. Kh4 Rb4+ 79. Rd4 Rb2 80. Bg3 Rb5 81. Rf4+ Ke6 82. Rg4 Kf5 83. Rf4+ Ke6 84. Rf8 Rb4+ 85. Bf4 Ke7 86. Rf5 Ke6 87. Kg4 Rb1 88. Ra5 Rg1+ 89. Bg3 Kf7 90. Ra6 Kg7 91. Rg6+ Kh7 92. Kf5 Rh1 93. Kg4 Rg1 94. Ra6 Kg7 95. Ra7+ Kg8 96. Rb7 Kh8 97. Kf4 Rh1 98. Kg4 Rg1 99. Kf3 Rh1 100. Be5+ Kg8 101. Kg4 Rg1+ 102. Bg3 Kh8 103. Kh3 Rh1+ 104. Bh2 Kg8 105. Ra7 Rd1 106. Ra6 Rd3+ 107. Kg4 Rd4+ 108. Kf5 Rd5+ 109. Kg6 Kf8 110. Kxh6 Kf7 111. Bf4 Rf5 112. Bg5 Rb5 113. Rg6 Ra5 114. Kh7 Ra8 115. Rg7+ Ke6 116. Kg6 Ke5 1-0

[Event "COL-ch (Women)"]
[Site "Boyaca"]
[Date "2022.08.18"]
[Round "4"]
[White "Moncada Correa, Sara"]
[Black "Franco Valencia, Beatriz Irene"]
[Result "0-1"]
[WhiteElo "1910"]
[BlackElo "2103"]
[PlyCount "46"]
[EventDate "2022.08.17"]
[EventType "swiss"]
[EventRounds "9"]
[EventCountry "COL"]
[SourceTitle "CBM 210 Extra"]
[Source "ChessBase"]
[SourceDate "2022.11.30"]
[SourceVersion "1"]
[SourceVersionDate "2022.11.30"]
[SourceQuality "1"]

1. d4 d6 2. Nf3 Bg4 3. e4 Nf6 4. Bd3 c6 5. c3 Nbd7 6. Be3 e5 7. Nbd2 Be7 8. Qe2 Qc7 9. h3 Bh5 10. 0-0 h6 11. b4 g5 12. dxe5 dxe5 13. a4 g4 14. hxg4 Bxg4 15. Rfc1 Nh5 16. Bc4 Rg8 17. Kh2 Qd6 18. Rh1 Qg6 19. g3 Nf4 20. Bxf4 exf4 21. Rag1 0-0-0 22. e5 Nb6 23. Qf1 Rxd2 0-1

[Event "COL-ch (Women)"]
[Site "Boyaca"]
[Date "2022.08.17"]
[Round "1"]
[White "Franco Valencia, Beatriz Irene"]
[Black "Brito Carrascal, Isabela"]
[Result "1/2-1/2"]
[WhiteElo "2103"]
[BlackElo "1603"]
[PlyCount "45"]
[EventDate "2022.08.17"]
[EventType "swiss"]
[EventRounds "9"]
[EventCountry "COL"]
[SourceTitle "CBM 210 Extra"]
[Source "ChessBase"]
[SourceDate "2022.11.30"]
[SourceVersion "1"]
[SourceVersionDate "2022.11.30"]
[SourceQuality "1"]

1. d4 Nf6 2. c4 e6 3. Nf3 b6 4. a3 Bb7 5. e3 Ne4 6. Bd3 Be7 7. 0-0 0-0 8. Qe2 a5 9. b3 f5 10. Rd1 Rf6 11. Ne1 Bd6 12. h3 Rg6 13. Nf3 Ng5 14. Nxg5 Qxg5 15. f3 Qg3 16. Kf1 Qh2 17. Qf2 Na6 18. Nd2 Rf8 19. Bb2 Rff6 20. Qg1 Qg3 21. Qf2 Qh2 22. e4 Rg5 23. Qg1 1/2-1/2

[Event "Speed Chess (Women) Q2"]
[Site "Chess.com INT"]
[Date "2020.06.19"]
[Round "5"]
[White "Danielian, Elina"]
[Black "Franco Valencia, Beatriz Irene"]
[Result "1-0"]
[WhiteElo "2407"]
[BlackElo "2103"]
[PlyCount "69"]
[EventDate "2020.06.19"]
[EventType "swiss (blitz)"]
[EventRounds "13"]
[EventCountry "USA"]
[SourceTitle "CBM 196 Extra"]
[Source "ChessBase"]
[SourceDate "2020.07.31"]
[SourceVersion "1"]
[SourceVersionDate "2020.07.31"]
[SourceQuality "1"]

1. d4 d6 2. Nf3 Nd7 3. e4 g6 4. Bd3 Bg7 5. c3 e6 6. 0-0 Ne7 7. Re1 0-0 8. a4 a5 9. Nbd2 b6 10. Qc2 Bb7 11. Nc4 Rc8 12. Bg5 h6 13. Bh4 g5 14. Bg3 Re8 15. Rad1 Nf8 16. h4 g4 17. Nh2 h5 18. f3 gxf3 19. Nxf3 Neg6 20. Qf2 Nh7 21. e5 d5 22. Ne3 Rf8 23. Rf1 Qe7 24. Qc2 Qe8 25. Ng5 Nxg5 26. hxg5 c5 27. Qe2 h4 28. Bh2 cxd4 29. cxd4 Qxa4 30. Kh1 Qd7 31. Qh5 Bc6 32. Ng4 Bb5 33. Nf6+ Bxf6 34. gxf6 Ne7 35. Qh7# 1-0

[Event "Speed Chess (Women) Q2"]
[Site "Chess.com INT"]
[Date "2020.06.19"]
[Round "12"]
[White "Franco Valencia, Beatriz Irene"]
[Black "Berzina, Ilze"]
[Result "0-1"]
[WhiteElo "2103"]
[BlackElo "2192"]
[PlyCount "74"]
[EventDate "2020.06.19"]
[EventType "swiss (blitz)"]
[EventRounds "13"]
[EventCountry "USA"]
[SourceTitle "CBM 196 Extra"]
[Source "ChessBase"]
[SourceDate "2020.07.31"]
[SourceVersion "1"]
[SourceVersionDate "2020.07.31"]
[SourceQuality "1"]

1. d4 d5 2. c4 c6 3. cxd5 cxd5 4. Bf4 Nc6 5. Nc3 Nf6 6. e3 a6 7. Bd3 Bg4 8. f3 Bh5 9. Nge2 e6 10. Rc1 Bd6 11. 0-0 0-0 12. Bxd6 Qxd6 13. Nf4 Bg6 14. Nxg6 hxg6 15. Na4 Rac8 16. Nc5 Qe7 17. Qe2 e5 18. Nb3 e4 19. Bb1 exf3 20. Rxf3 Rfe8 21. Rcf1 Qd6 22. Qf2 Rc7 23. Qh4 Rce7 24. Rh3 Kf8 25. Qh8+ Ng8 26. Rh7 f5 27. Bxf5 Rf7 28. Nc5 gxf5 29. Rxf5 Qg6 30. Nd7+ Ke7 31. Rxf7+ Kxf7 32. Rh3 Nf6 33. Qh4 Nxd7 34. Rf3+ Nf6 35. h3 Re4 36. Qe1 Nxd4 37. Rg3 Qxg3 0-1

[Event "Speed Chess (Women) Q2"]
[Site "Chess.com INT"]
[Date "2020.06.19"]
[Round "7"]
[White "Sviridova, Vlada"]
[Black "Franco Valencia, Beatriz Irene"]
[Result "0-1"]
[WhiteElo "2144"]
[BlackElo "2103"]
[PlyCount "128"]
[EventDate "2020.06.19"]
[EventType "swiss (blitz)"]
[EventRounds "13"]
[EventCountry "USA"]
[SourceTitle "CBM 196 Extra"]
[Source "ChessBase"]
[SourceDate "2020.07.31"]
[SourceVersion "1"]
[SourceVersionDate "2020.07.31"]
[SourceQuality "1"]

1. d4 d6 2. Nf3 Nd7 3. c4 g6 4. Nc3 Bg7 5. e4 e5 6. Be2 Ne7 7. 0-0 0-0 8. Be3 c6 9. Qc2 Qc7 10. Rfd1 h6 11. dxe5 dxe5 12. Qd2 Kh7 13. c5 f5 14. Qd6 Qxd6 15. cxd6 Ng8 16. Bc4 f4 17. Bc1 Rf6 18. b3 b5 19. Bxg8+ Kxg8 20. a4 b4 21. Na2 a5 22. Bb2 Re6 23. Rac1 Bb7 24. Rc4 Rd8 25. Nc1 g5 26. h3 c5 27. Ne2 Ba6 28. Rc2 Bf6 29. Rcd2 h5 30. Ne1 g4 31. hxg4 hxg4 32. Nc1 g3 33. fxg3 fxg3 34. Nf3 Bg7 35. Ne2 Bh6 36. Rc2 Be3+ 37. Kf1 Bd4 38. Bxd4 exd4 39. Rcd2 Rxe4 40. Ke1 Rde8 41. Nfg1 R4e6 42. Kf1 Rxd6 43. Ke1 Ne5 44. Kf1 Rf6+ 45. Nf3 Nxf3 46. gxf3 Rxf3+ 47. Kg1 Rf2 48. Nxg3 Rxd2 49. Rxd2 Re1+ 50. Kf2 Re3 51. Nf5 Rxb3 52. Ne7+ Kf7 53. Nc6 Bb7 54. Ne5+ Ke6 55. Nd3 c4 56. Nc5+ Kd5 57. Nxb7 c3 58. Rd1 Rb2+ 59. Ke1 c2 60. Rc1 b3 61. Kd2 Ra2 62. Nxa5 b2 63. Rxc2 b1Q 64. Rxa2 Qxa2+ 0-1